The ethics of interdependence : global human rights and duties /
Salvato in:
| Autore principale: | |
|---|---|
| Natura: | Libro |
| Lingua: | inglese |
| Pubblicazione: |
Lanham :
Rowman & Littlefield,
[2016]
|
| Serie: | New millennium books in international studies
|
| Tags: |
Nessun Tag, puoi essere il primo ad aggiungerne!!
|
MARC
| LEADER | 00000nam a22000007i 4500 | ||
|---|---|---|---|
| 001 | IT\ICCU\UBO\4295331 | ||
| 003 | ItRI | ||
| 005 | 20260115232010.0 | ||
| 008 | 180205s2016 xxu|||||| ||||| |||||c | ||
| 020 | |a 9781442266698 (hbk) | ||
| 020 | |a 9781442266704 (pbk) | ||
| 040 | |b ita |c importazione bologna sebina | ||
| 041 | 7 | |a eng |2 ISO-639-2 | |
| 100 | 1 | |a Felice, William F. |0 IT\ICCU\UBOV\126039 | |
| 245 | 1 | 4 | |a The ethics of interdependence : |b global human rights and duties / |c William F. Felice. |
| 260 | |a Lanham : |b Rowman & Littlefield, |c [2016] | ||
| 300 | |a x, 187 p. ; |c 23 cm | ||
| 830 | 0 | |a New millennium books in international studies |0 IT\ICCU\UBO\1128736 | |
| 942 | |2 ddc |c BK |n 0 | ||
| 952 | |0 0 |1 0 |4 0 |6 DOC_172_400000000000000_FEL |7 0 |9 18670 |a BO |b BO |d 2026-01-15 |i 18654 |l 0 |o DOC 172.4 FEL |p BO18654 |r 2026-01-15 23:20:10 |w 2026-01-15 |x [Sebina 5] [1 v.] |y BK |z 1 v. | ||
| 999 | |c 15834 |d 15834 | ||